تاریخ پورہ معروف اور شیعہ علما و اکا بر (Record no. 104145)

MARC details
000 -LEADER
fixed length control field 00748nam a22001937a 4500
005 - DATE AND TIME OF LATEST TRANSACTION
control field 20230405112459.0
010 ## - LCCN (DPL NO)
LC control number UR-9514
020 ## - INTERNATIONAL STANDARD BOOK NUMBER
International Standard Book Number 9789350738566
Terms of availability 150.00
035 ## - SYSTEM CONTROL NUMBER
System control number U-8069
037 ## - SOURCE OF ACQUISITION
Source of stock number/acquisition DBAD/PUB
082 ## - DEWEY DECIMAL CLASSIFICATION NUMBER
Classification number 954
100 ## - MAIN ENTRY--PERSONAL NAME
Personal name فیضان جعفر علی
245 ## - TITLE STATEMENT
Title تاریخ پورہ معروف اور شیعہ علما و اکا بر
Statement of responsibility, etc فیضان جعفر علی
246 ## - VARYING FORM OF TITLE
Title proper/short title History of Pura Maroof and Shia Scholars (Ulama) /
Remainder of title by Faizan Jafar Ali
260 ## - PUBLICATION, DISTRIBUTION, ETC. (IMPRINT)
Place of publication, distribution, etc دہلی
Name of publisher, distributor, etc ایجوکیشنل پبلیشینگ ہاؤس
Date of publication, distribution, etc 2016 ء
270 ## - ADDRESS
Address ٣١٩١،وکیل سٹریٹ،کچہ پنڈت ، لال کان
City دھلی
Postal code 110006
Telephone number 23216162
300 ## - PHYSICAL DESCRIPTION
Extent 196 ص
Dimensions 22cm(Hb)
942 ## - ADDED ENTRY ELEMENTS (KOHA)
Source of classification or shelving scheme Dewey Decimal Classification
Item type Urdu Bks
Classification part 954
Call number suffix ف ی ض
Holdings
Withdrawn status Lost status Not for loan Collection code Home library Current library Date acquired Source of acquisition Cost, normal purchase price Full call number Barcode Copy number Cost, replacement price Koha item type
      Non-fiction Sarojini Nagar Sarojini Nagar 21/10/2016 DBAD/PUB 150.00 954 ف ی ض U-8069 1 150.00 Urdu Bks

© Delhi Public Library
Hit Counter
free hit counter